000 00462nam a2200169 i 4500
001 30939
003 ES-MaACL
005 20250809063454.0
007 t|
008 030127q19001999fr ||||1| fre d
100 1 _aBazin, René,
_d1853-1932
_926752
245 1 0 _aTerre d'Espagne /
_cRené Bazin.
260 _aParís :
_b[s.n.,
_c19--?] (
_eLagny :
_fE. Grevin)
300 _a336 p. ;
_c19 cm.
852 _aES-MaACL
_jF-9514
999 _c30939
_d30939